000 01121nas a2200265 i 4500
001 446
003 ES-MaACL
005 20250826065248.0
007 t|
008 950801d19301936sp | | 1 ||pa d
080 _a460
245 0 0 _aBoletín de información social del Ministerio de Trabajo y Previsión.
260 _aMadrid :
_bImp. de los Sob. de la Suc. de M. Minuesa de los Rios, 1930-1936.
300 _a13 v. ;
_c24 cm.
310 _aMensual
362 0 _aAño 1, n. 1 (ag. 1930)-año 2, n. 17 (dic. 1931) Año 3, n. 18 (en. 1932)-año 5, n. 43 (feb. 1934) Año 5, n. 44 (marzo 1934)-año 6, n. 61 (ag. 1935) Año 7, n. 67 (feb. 1936)­año 7, n. 75 (oct. 1936)
650 1 7 _aTrabajo
_2embne
_917590
710 1 _aEspaña.
_bMinisterio de Trabajo y Previsión
_93933
785 0 0 _aBoletín del Ministerio de Trabajo y Previsión Social
_dEne. 1932
785 0 0 _aBoletín del Ministerio de Trabajo, Sanidad y Previsión
_dSep. 1934
785 0 0 _aBoletín del Ministerio de Trabajo, Justicia y Sanidad
_dSep. 1935
852 _aES-MaACL
_jHem-191
866 0 _o1930-36
999 _c446
_d446